| 000 | 00000nam##2200000za#4500 |
| 001 | 9.606280 |
| 003 | CaOODSP |
| 005 | 20210624212541 |
| 007 | cr ||||||||||| |
| 008 | 150406|1982||||xxc|||||o f|0| 0 fre|d |
| 022 | |a1488-545X |
| 040 | |aCaOODSP|bfre |
| 043 | |an-cn--- |
| 086 | 1 |aFs97-6/1099F-PDF |
| 110 | 1 |aCanada. |bMinistère des pêches et des océans. |
| 245 | 10|aRésultats d'invention du crabe des neiges (Chionoecetes opilio) dans l'estuaire et le Golfe Saint-Laurent / |h[ressource électronique]|cpar R. Greendale et R.F.J. Bailey. |
| 260 | |aQuébec - Québec : |bPêches et Océans Canada |c1982. |
| 300 | |a44p.|bfigures, références, tableaux |
| 490 | 1 |aRapport technique canadien des sciences halieutiques et aquatiques|x1488-545X|vN° 1099 |
| 500 | |aSur la p. de t.: Direction de la recherche, Québec, Québec. Le n° de catalogue et l'ISSN de l'édition imprimée apparaissent dans la version électronique. |
| 546 | |a(Abstract in English). |
| 590 | |a13-25-Supp|b2013-10-28 |
| 720 | 1 |aBailey, R. F. J. |
| 720 | 1 |aGreendale, R. |
| 830 | #0|aRapport technique canadien des sciences halieutiques et aquatiques,|x1488-545X|vN° 1099|w(CaOODSP)9.500867 |
| 856 | 40|ahttp://publications.gc.ca|qPDF|s1714 Ko|uhttps://publications.gc.ca/collections/collection_2013/mpo-dfo/Fs97-6-1099-fra.pdf|yN° 1099 |